MARC details
| 000 -LEADER |
| fixed length control field |
01114nam a2200337 a 4500 |
| 001 - CONTROL NUMBER |
| control field |
vtls000297241 |
| 003 - CONTROL NUMBER IDENTIFIER |
| control field |
NLI |
| 005 - DATE AND TIME OF LATEST TRANSACTION |
| control field |
20230417051517.0 |
| 008 - FIXED-LENGTH DATA ELEMENTS--GENERAL INFORMATION |
| fixed length control field |
101203s1998 ii 000 0 eng |
| 020 ## - INTERNATIONAL STANDARD BOOK NUMBER |
| Terms of availability |
Rs. 175.00 |
| Qualifying information |
hbk. |
| 040 0# - CATALOGING SOURCE |
| Original cataloging agency |
NLI |
| Language of cataloging |
eng |
| Transcribing agency |
English Processing Division |
| Description conventions |
AACR2 |
| 041 0# - LANGUAGE CODE |
| Language code of text/sound track or separate title |
eng |
| 044 ## - COUNTRY OF PUBLISHING/PRODUCING ENTITY CODE |
| MARC country code |
ii |
| 082 04 - DEWEY DECIMAL CLASSIFICATION NUMBER |
| Edition number |
23rd ed. |
| Classification number |
954.04 |
| Item number |
R 529 |
| 100 1# - MAIN ENTRY--PERSONAL NAME |
| Personal name |
Rizvi, Syed Sifarish Husain, |
| Dates associated with a name |
1907-1976 |
| 9 (RLIN) |
463081 |
| 245 10 - TITLE STATEMENT |
| Title |
Partition : |
| Remainder of title |
end product of the trend / |
| Statement of responsibility, etc. |
Syed Sifarish Husain Rizvi |
| 260 ## - PUBLICATION, DISTRIBUTION, ETC. |
| Place of publication, distribution, etc. |
Patna : |
| Name of publisher, distributor, etc. |
Khuda Baksh Oriental Public Library, |
| Date of publication, distribution, etc. |
1998 |
| 300 ## - PHYSICAL DESCRIPTION |
| Extent |
xxxvi, 256 p. ; |
| Dimensions |
22 cm. |
| 500 ## - GENERAL NOTE |
| General note |
Library has 2 cops. |
| 504 ## - BIBLIOGRAPHY, ETC. NOTE |
| Bibliography, etc. note |
Bibliography : p. 255-256 |
| 651 #0 - SUBJECT ADDED ENTRY--GEOGRAPHIC NAME |
| Geographic name |
India |
| General subdivision |
History |
| Chronological subdivision |
British occupation, 1765-1947 |
| 9 (RLIN) |
199528 |
| 651 #0 - SUBJECT ADDED ENTRY--GEOGRAPHIC NAME |
| Geographic name |
India |
| General subdivision |
History |
| Chronological subdivision |
Partition, 1947 |
| 651 #0 - SUBJECT ADDED ENTRY--GEOGRAPHIC NAME |
| Geographic name |
India |
| General subdivision |
Politics and government |
| Chronological subdivision |
1765-1947 |
| 9 (RLIN) |
5966 |
| 710 2# - ADDED ENTRY--CORPORATE NAME |
| Corporate name or jurisdiction name as entry element |
Khuda Bakhsh Oriyantal Pablik Laibreri |
| 9 (RLIN) |
463082 |
| 887 ## - NON-MARC INFORMATION FIELD |
| Content of non-MARC field |
pintukumar |
| 887 ## - NON-MARC INFORMATION FIELD |
| Content of non-MARC field |
Pallab Paul |
| 901 ## - LOCAL DATA ELEMENT A, LDA (RLIN) |
| a |
DB85767 |
| b |
6.6.2002 |
| 902 ## - LOCAL DATA ELEMENT B, LDB (RLIN) |
| a |
E 954.04 R 529 |
| 942 ## - ADDED ENTRY ELEMENTS (KOHA) |
| Source of classification or shelving scheme |
Dewey Decimal Classification |
| Koha item type |
Books |
| 949 ## - LOCAL PROCESSING INFORMATION (OCLC) |
| 6 |
DBA000085767ENG |